| 000 | 00910cam a2200265I 4500 | ||
|---|---|---|---|
| 001 | 10659 | ||
| 003 | BD-RjUL | ||
| 005 | 20211208235007.0 | ||
| 008 | 140125r19651957enka b 001 0 eng d | ||
| 035 |
_a(BD-RjUL)10707 _a(OCoLC)02277033 |
||
| 040 |
_aDLC _cVYT _dSER _dUKM _dMYG _dBD-RjUL _beng |
||
| 041 | _aeng | ||
| 082 | 0 | 0 |
_a547.3 _bKLC 1965 |
| 100 | 1 |
_aKlyne, William. _932616 |
|
| 245 | 1 | 4 |
_aThe chemistry of the steroids. / _cby William Klyne. |
| 260 |
_aLondon : _bMethuen, _aNew York : _bWiley, _c1957 [reprinted 1965]. |
||
| 300 |
_a241 p. : _billus. _c20 cm. |
||
| 490 | 1 | _aMethuen's monographs on biochemical subjects | |
| 500 | _a"Companion to Dr. J.K. Grant's volume on the Biochemistry of the steroids." | ||
| 504 | _aIncludes bibliography and index. | ||
| 650 | 0 |
_aSteroids. _932956 |
|
| 830 | 0 |
_aMethuen's monographs on biochemical subjects. _932957 |
|
| 942 |
_2ddc _cBK |
||
| 999 |
_c10659 _d10659 |
||